000 00939nam a2200193Ia 4500
003 Ost
005 20260507075804.0
008 260507s9999||||xx |||||||||||||| ||und||
040 _cfsecg
041 _aara
100 _aمدكور، فوزي شعبان
_eمؤلف
245 0 _aإدارة الصيانة و الأمن الصناعي (ك22) /
_c فوزي شعبان مدكور
260 _aالقاهرة:
_bمطبعة مركز التعليم المفتوح,
_c(د.ت)
300 _a220 صفحة؛
_bإيضاحات ؛
_c24 سم
504 _aمراجع ص.220
520 _aالصيانة: مفهوم وأهداف الصيانة، أنواع الصيانة، التخطيط لاعمال الصيانة،جدولة أعمال الصيانة، الهيكل التنظيمي لأعمال الصيانة، تحليل أعمال الصيانة، السلامة والصحة المهنية
653 _aالصيانة
942 _cكتاب
999 _c46377
_d46377